| 000 | 00527nam a2200157 a 4500 | ||
|---|---|---|---|
| 001 | 000033515 | ||
| 005 | 20200930070320.0 | ||
| 008 | 110830s1975 dr 000 0 spa d | ||
| 040 |
_aDO-SdBNP _bspa _cBNPHU |
||
| 100 | 1 |
_aArrom, José Juan _938701 |
|
| 245 | 1 | 0 |
_aMitología y artes prehispánicas de las antillas / _cJosé Juan Arrom. |
| 260 |
_aMexico : _bSiglo Veintiuno Editores, _c1975. |
||
| 300 |
_a191 p. : _bil. ; _c22 cm. |
||
| 500 | _aIncluye referencias bibliográficas y notas al pie de las páginas | ||
| 049 | _aBNPD | ||
| 999 |
_c33006 _d33006 |
||